Specification For Tree Pruner (Record no. 2019)

MARC details
000 -LEADER
fixed length control field 00243nam a22001097a 4500
041 ## - LANGUAGE CODE
Language code of text/sound track or separate title ENG
245 ## - TITLE STATEMENT
Title Specification For Tree Pruner
260 ## - PUBLICATION, DISTRIBUTION, ETC. (IMPRINT)
Place of publication, distribution, etc New Delhi
Name of publisher, distributor, etc Copyight
Date of publication, distribution, etc 1984
300 ## - PHYSICAL DESCRIPTION
Extent 08
650 ## - SUBJECT ADDED ENTRY--TOPICAL TERM
Topical term or geographic name as entry element BIS Test Code
856 ## - ELECTRONIC LOCATION AND ACCESS
Uniform Resource Identifier BIS Test Code
Holdings
Withdrawn status Lost status Source of classification or shelving scheme Damaged status Not for loan Home library Current library Shelving location Date acquired Cost, normal purchase price Total Checkouts Barcode Date last seen Price effective from Koha item type
    Dewey Decimal Classification     College of Agricultural Engineering and Technology, Dapoli , Library College of Agricultural Engineering and Technology, Dapoli , Library Book Cart 07/10/2021 90.00   004815 07/10/2021 07/10/2021 Books

Contact Us: College of Agricultural Engineering and Technology, Dapoli, Dist.- Ratnagiri
Website: https://dbskkv.org Email: caetlibrary2015@gmail.com